1116 1475 1933 1604 1375 1308 1783 1907 1942 1440 1927 1433 1038 1970 1634 1056 1858 1924 1871 1558 1773 1835 1857 1601 1282 1354 1328 1396 1232 1916 1010 1617 1503 1658 1068 1620 1082 1397 1195 1737 1038 1687 1878 1732 1447 1977 1619 1324 1133 1496 1198 1043 1571 1220 1437 1244 1048 1842 1012 1036 1221 1917 1605 1963 1223 1941 1576 1704 1423 1914 1882 1337 1087 1857 1752 1560 1905 1814 1718 1248 1236 1364 1172 1959 1993 1457 1029 1805 1972 1217 1555 1698 1253 1970 1288 1913 1407 1335 1344 BCNSPRNW ULIB Ver.6.0+V

เปลี่ยนเป็นภาษาไทย

Change to English
 แสดงรายละเอียดบรรณานุกรม
  กลับหน้าหลัก

Brief Record : Get Marc (ISO 2709) : E-mail record : QR code < ปิดหน้าต่าง
LEADER : 00000nam a2200000Ia 4500
001    13399125456
003     ULIB
008    140708s2557 th a b 000 0 tha d
020    ^a9786162794469
040    ^absi
060 04 ^aWI140^bC641
245 00 ^aClinical practice in gastroenterology /^cบรรณาธิการ, สุพจน์พงศ์ประสบชัย, ทวีศักดิ์ แทนวันดี, สถาพร มานัสสถิตย์
250    ^aพิมพ์ครั้งที่ 3
260    ^aกรุงเทพฯ :^bสาขาวิชาโรคระบบทางเดินอาหาร ภาควิชาอายุรศาสตร์คณะแพทยศาสตร์ศิริราชพยาบาล มหาวิทยาลัยมหิดล,^c2557
300    ^aก-ซ, 577 หน้า :^bภาพประกอบ ;^c26 ซม.
650  2 ^aGastrointestinal Diseases^xdiagnosis
650  2 ^aGastrointestinal Diseases^xtherapy
650  2 ^aGastroenterology
650  4 ^aกระเพาะอาหารและลำไส้, โรค
650  4 ^aกระเพาะอาหารและลำไส้, วิทยา
650  4 ^aกระเพาะอาหารและลำไส้, โรค^xการรักษา
650  4 ^aกระเพาะอาหารและลำไส้, โรค^xการวินิจฉัย
653    ^aผลงานอาจารย์คณะแพทยศาสตร์ศิริราชพยาบาล
700 0  ^aสถาพร มานัสสถิตย์,^eบรรณาธิการ
700 0  ^aสุพจน์ พงศ์ประสบชัย,^eบรรณาธิการ
700 0  ^aทวีศักดิ์ แทนวันดี,^eบรรณาธิการ
710 2  ^aมหาวิทยาลัยมหิดล.^bคณะแพทยศาสตร์ศิริราชพยาบาล.^bภาควิชาอายุรศาสตร์.^bสาขาวิชาโรคระบบทางเดินอาหาร
945    ^p600^l0^i25102
995    ^aกัณชพร
999    ^aกัณชพร
รายการนี้ยังไม่มีแท็ก
คุณยังไม่ได้ล็อกอิน คุณสามารถมีกิจกรรมร่วมกับเว็บไซต์ได้ แต่ต้องล็อกอินก่อน ::
  ล็อกอิน

รายการสื่อสารสนเทศ

ลำดับที่ ประเภท เลขเรียก/บาร์โค้ด สถานที่ สถานะ
1. หนังสือสำรอง
หนังสือสำรอง
สถานะ=หนังสือเก่า
WI140 C641 ฉ.1 
  Barcode: 25102
ห้องสมุดวิทยาเขตนครสวรรค์
►ส่วนจัดเก็บหนังสือเก่า นว.
บนชั้น
  ขอยืม

รายการใกล้เคียง
    หัวเรื่อง [Gastroenterology]
    หัวเรื่อง [กระเพาะอาหารและลำไส้, โรค]
    หัวเรื่อง [กระเพาะอาหารและลำไส้, วิทยา]

BibComment


ยังไม่เคยถูกคอมเมนท์

คอมเมนท์ทรัพยากรรายการนี้
  คอมเมนท์: Clinical practic..


 Copyright 2026. Bcnsprnw @Library